000 00328nam a2200133Ia 4500
005 20260328101450.0
008 260328s9999||||xx |||||||||||||| ||und||
100 _aFigueira, Jorge
245 0 _aAlvaro Siza :
_b Modern redux /
_cJorge Figueira
260 _bHatje Cantz
300 _a205 p.
650 _aARQUITECTOS
942 _cBK
999 _c8608
_d8608